Biggest sources of immigrants to North Carolina - Statistics

General Stats
  • This quiz has been taken 22 times
  • The average score is 9 of 10
Answer Stats
Hint Answer % Correct
30,186 China
100%
85,412 India
100%
204,449 Mexico
100%
21,429 Colombia
88%
33,933 El Salvador
88%
24,075 United Kingdom
82%
19,780 Canada
76%
28,194 Vietnam
76%
16,638 Germany
71%
20,531 Philippines
71%
No matching quizzes found
Score Distribution
Percent of People with Each Score
Percentile by Number Answered
Your Score History
You have not taken this quiz